{"text_format":"3","workbook":"xlsx","n_sheets":2,"sheets":["建筑物","设备设施"],"read":"whole","date_system":"1900"}

{"sheet":"建筑物","index":0,"n_rows":17,"n_cols":26,"rows_kept":17,"merged":[[0,0,2,25],[3,0,4,0],[3,1,4,1],[3,2,4,2],[3,3,4,3],[3,4,4,4],[3,5,4,5],[3,6,4,6],[3,7,4,7],[3,8,4,8],[3,9,4,9],[3,10,4,10],[3,11,4,11],[3,12,4,12],[3,13,4,13],[3,14,4,14],[3,15,4,15],[3,16,4,16],[3,17,4,17],[3,18,3,19],[3,20,3,22],[3,23,4,23],[3,24,4,24],[3,25,4,25],[6,0,7,0],[6,3,7,3],[6,18,7,18],[6,19,7,19],[12,25,13,25],[15,11,15,13],[16,0,16,1]]}
["固定资产—建（构）筑物明细表"]
[]
[]
["序号","房产证编号","所有人","建筑物名称","建成年月\n(竣工日期)","建筑结构","建筑面积(m2/立方)","现用途","檐高(米)","层高","总层数","本单位占第几层","详细座落地址","吊车吨位(T)","跨度(M)","柱距(M)","成本单价(元/m2)","使用状况","账面价值",null,"评估价值",null,null,"增值率%","评估单价(元/m2)","备注"]
[{"$nulls":18},"原值","净值","原值","成新率%","净值"]
[1,null,null,"罩(雨)棚","2015-10-31","钢结构",176,{"$nulls":5},"茅草铺加气站",{"$nulls":4},"能正常使用",{"v":222654.98,"d":"222,654.98"},{"v":27178.1,"d":"27,178.10"},{"v":94336,"d":"94,336"},{"v":0.80648,"d":"81%"},{"v":76080.09728,"d":"76,080"}]
[2,null,null,"围墙","2015-10-31","砖砌",112.275,{"$nulls":5},"茅草铺加气站",{"$nulls":4},"能正常使用",{"v":410026.75,"d":"410,026.75"},{"v":286668.41,"d":"286,668.41"},{"v":37050.75,"d":"37,051"},{"v":0.697466666666667,"d":"70%"},{"v":25841.6631,"d":"25,842"}]
[{"$nulls":4},"2015-10-31","铁艺/铝合金",65.3,{"$nulls":5},"茅草铺加气站",{"$nulls":4},"能正常使用",null,null,{"v":16325,"d":"16,325"},{"v":0.697466666666667,"d":"70%"},{"v":11386.1433333333,"d":"11,386"}]
[3,null,null,"管沟","2018-04-25","钢混",963.34,{"$nulls":5},"茅草铺加气站",{"$nulls":4},"能正常使用",{"v":789936.57,"d":"789,936.57"},{"v":355186.58,"d":"355,186.58"},{"v":54687,"d":"54,687"},{"v":0.776333333333333,"d":"78%"},{"v":42455.341,"d":"42,455"},null,null,"工艺管沟"]
[4,null,null,"地坪","2015-10-31","混凝土",580,{"$nulls":5},"茅草铺加气站",{"$nulls":4},"能正常使用",{"v":356091.84,"d":"356,091.84"},{"v":34011.94,"d":"34,011.94"},{"v":126440,"d":"126,440"},{"v":0.697466666666667,"d":"70%"},{"v":88187.6853333333,"d":"88,188"}]
[5,null,null,"防液堤","2015-11-18","钢混",944.208,{"$nulls":5},"茅草铺加气站",{"$nulls":4},"能正常使用",{"v":702810.92,"d":"702,810.92"},{"v":398650.91,"d":"398,650.91"},401813,{"v":0.80688,"d":"81%"},{"v":324214.87344,"d":"324,215"}]
[6,null,null,"排水管道","2015-10-31","钢管",102.15,null,"PVC50、1.1*0.9*1.5水池",{"$nulls":3},"茅草铺加气站",{"$nulls":4},"能正常使用",{"v":84784.11,"d":"84,784.11"},{"v":12511.36,"d":"12,511.36"},{"v":129030,"d":"129,030"},{"v":0.693666666666667,"d":"69%"},{"v":89503.81,"d":"89,504"}]
[7,null,null,"框架地面设施","2015-10-31","钢混",944.21,{"$nulls":5},"茅草铺加气站",{"$nulls":4},"能正常使用",{"v":321843.12,"d":"321,843.12"},{"v":112065.91,"d":"112,065.91"},{"v":47216,"d":"47,216"},{"v":0.697466666666667,"d":"70%"},{"v":32931.5861333333,"d":"32,932"},null,null,"放空管、LNG加液机、加气岛、加气柱"]
[8,null,null,"电缆沟","2023-05-29","钢混",788.65,{"$nulls":5},"茅草铺加气站",{"$nulls":4},"能正常使用",{"v":331233.89,"d":"331,233.89"},{"v":298018.47,"d":"298,018.47"},{"v":15119,"d":"15,119"},{"v":0.946,"d":"95%"},{"v":14302.574,"d":"14,303"}]
[9,null,null,"防爆墙","2023-05-29","钢混",19.8,{"$nulls":5},"茅草铺加气站",{"$nulls":4},"能正常使用",{"v":277820.34,"d":"277,820.34"},{"v":261104.9,"d":"261,104.90"},{"v":7939.8,"d":"7,940"},{"v":0.9184,"d":"92%"},{"v":7291.91232,"d":"7,292"}]
[10,null,null,"品牌形象标志","2015-10-31","钢结构",15,{"$nulls":4},"茅草铺加气站",{"$nulls":5},"能正常使用",{"v":29155.28,"d":"29,155.28"},{"v":4385.81,"d":"4,385.81"},{"v":5400,"d":"5,400"},{"v":0.697466666666667,"d":"70%"},{"v":3766.32,"d":"3,766"}]
["合计：",{"$nulls":21},715962.01]

{"sheet":"设备设施","index":1,"n_rows":20,"n_cols":16,"rows_kept":20,"merged":[[0,2,1,15],[2,0,3,0],[2,1,3,1],[2,2,3,2],[2,3,3,3],[2,4,3,4],[2,5,3,5],[2,6,3,6],[2,7,3,7],[2,8,3,8],[2,9,2,10],[2,11,2,13],[2,14,3,14],[2,15,3,15],[19,0,19,1]]}
[null,null,"固定资产—机器设备明细表"]
[]
["序号","设备编号","设备名称","规格/型号","生产厂家","计量单位","数量","存放位置","启用日期","账面价值",null,"评估价值",null,null,"增值率%","备注"]
[{"$nulls":9},"原值","净值","原值","成新率%","净值"]
["二","茅草铺加气站","茅草铺加气站"]
[1,"09050199000909","液压式天然气压缩机","2YZ2000-90GA","武汉齐达康环保科技股份有限公司","套",1,"茅草铺加气站","2022-12-16",187748.98,148725.32,{"v":1124191.33574226,"d":"1124191"},{"v":0.78,"d":"78%"},{"v":876869.241878959,"d":"876869"},null,"含一台齐达康控制柜"]
[2,"09039901001822","其它变配电设施"," ",null,"套 ",1,"茅草铺加气站","2015-10-31",202758.26,27823.56,201805,{"v":0.47,"d":"47%"},{"v":94848.35,"d":"94848"},null,"含电缆及配电箱等"]
[3,"14010401000217","PLC自控系统","HQHP","成都华气厚普机电设备股份有限公司","套",1,"茅草铺加气站","2015-10-31",453564.63,55363.78,{"v":151576.35987536,"d":"151576"},{"v":0.4,"d":"40%"},{"v":60630.5439501441,"d":"60631"},null,"配套一台电脑"]
[4,"14040403000771","可燃气体控制器","E16A",null,"套",1,"茅草铺加气站","2017-01-22",4273.5,0,4000,{"v":0.44,"d":"44%"},1760,null," "]
[5,"14040405000266","道闸门","钢结构（两个，手动，4.4米/道）",null,"套",1,"茅草铺加气站","2015-10-31",51479.25,2573.96,3600,{"v":0.4,"d":"40%"},1440,null," "]
[6,"14040403001165","可燃气体控制器附件－燃气探头","ET（6个探头，2个主机）",null,"套",1,"茅草铺加气站","2017-01-22",11025.64,1513.86,15500,{"v":0.5,"d":"50%"},7750,null," "]
[7,"15070409001127","照明设备","10基电杆，网架上8个",null,"套",1,"茅草铺加气站","2015-10-31",154660.19,18878.46,35770,{"v":0.4,"d":"40%"},14308]
[8,"15010699012843","防爆智能手机","DL05 X20SE CHL-AN00 128G","荣耀","台",1,"茅草铺加气站","2022-12-16",5113,3169.96,3680,{"v":0.78,"d":"78%"},{"v":2870.4,"d":"2870"},null," "]
[9,"14040499000522","静电接地网","隐蔽工程",null,"套",1,"茅草铺加气站","2015-10-31",25458.47,1272.92,27808,{"v":0.4,"d":"40%"},{"v":11123.2,"d":"11123"},null," "]
[10,"14040406002165","监视系统","海康威视 DS-7908N-E4、集中式计算网络防雷箱 ",null,"套",1,"茅草铺加气站","2015-10-31",81030.98,4051.55,40938,{"v":0.4,"d":"40%"},{"v":16375.2,"d":"16375"},null,"含电脑一套、6个防爆摄像头"]
[11,"11029901000752","SCADA生产指挥系统"," ",null,"套",1,"茅草铺加气站","2019-10-29",160514.65,73447.55,{"v":205891.222164031,"d":"205891"},{"v":0.63,"d":"63%"},{"v":129711.46996334,"d":"129711"},null,"配套二套电脑"]
[12,"14040103002077","压缩天然气CNG加气机","HQHP-JQJ-30IV-L",null,"台",2,"茅草铺加气站","2022-12-16",104304.99,83072.7,{"v":138944.996552414,"d":"138945"},{"v":0.78,"d":"78%"},{"v":108377.097310883,"d":"108377"},null," "]
[13,null,"台式电脑","联想显示器LS22L4F 扬天T4900D、键盘、鼠标",null,"套",1,"茅草铺加气站","2015-10-31",null,null,4700,{"v":0.4,"d":"40%"},1880]
[14,null,"放散塔","铁质 直径16cm 高10米",null,"套",1,"茅草铺加气站","2015-10-31",null,null,{"v":3947.30103842084,"d":"3947"},{"v":0.4,"d":"40%"},{"v":1578.92041536834,"d":"1579"}]
["合计：",{"$nulls":12},1329522.42]